000 00894nam a2200229 i 4500
001 5816
003 ES-MaACL
005 20250828094146.0
007 t|
008 890531s1987 sp |||| | spa d
080 _a86.09-2"15/16"(042):343.1
080 _a86(Calderon de la Barca.7 A.06)
100 1 _aGallego Morell, Manuel.
_953577
245 1 3 _aEl derecho procesal en el Siglo de Oro
_b: (El Alcalde de Zalamea) /
_cManuel Gallego Morell.
260 _aMérida :
_bUniversidad Nacional de Educación a Distancia, Centro Regional de Extremadura,
_c1987.
300 _a[36] p. ;
_c22 cm.
600 1 4 _aCalderón de la Barca, Pedro.
_tEl alcalde de Zalamea.
_933618
650 1 4 _aDerecho-
_xEn la literatura.
_9167612
710 2 _aUniversidad Nacional de Educación a Distancia (España).
_bCentro Regional de Extremadura
_97412
852 _aES-MaACL
_jL-12920
999 _c5816
_d5816